Automatic pricing of bills of quantities for construction work. - December 1990 (Record no. 93622)

MARC details
000 -LEADER
fixed length control field 00651cam a2200217 4500
001 - CONTROL NUMBER
control field B3347
008 - FIXED-LENGTH DATA ELEMENTS--GENERAL INFORMATION
fixed length control field 090401t1990 xxu||||| |||| 00| 0 eng d
035 ## - SYSTEM CONTROL NUMBER
System control number (Sirsi) u55524
041 ## - LANGUAGE CODE
Language code of text/sound track or separate title eng
050 ## - LIBRARY OF CONGRESS CALL NUMBER
Classification number 692.50285
100 ## - MAIN ENTRY--PERSONAL NAME
Personal name Smith, Mark
245 ## - TITLE STATEMENT
Title Automatic pricing of bills of quantities for construction work. - December 1990
260 ## - PUBLICATION, DISTRIBUTION, ETC.
Place of publication, distribution, etc. Salford
Name of publisher, distributor, etc. University of Salford
Date of publication, distribution, etc. 1990
300 ## - PHYSICAL DESCRIPTION
Extent 15, (51) leaves ; 30cm.
350 ## - PRICE (NR) (BK AM CF MU VM SE) [OBSOLETE]
Price 0
520 ## - SUMMARY, ETC.
Summary, etc. Pilot study undertaken for the Royal Institution of Chartered Surveyors Educational Trust .
650 ## - SUBJECT ADDED ENTRY--TOPICAL TERM
Topical term or geographic name entry element ESTIMATING
700 ## - ADDED ENTRY--PERSONAL NAME
Personal name Skitmore, Martin
942 ## - ADDED ENTRY ELEMENTS (KOHA)
Suppress in OPAC 0
948 ## - LOCAL PROCESSING INFORMATION (OCLC); SERIES PART DESIGNATOR (RLIN)
c (OCLC) 04/03/1997
Holdings
Withdrawn status Lost status Source of classification or shelving scheme Damaged status Not for loan Home library Current library Shelving location Date acquired Total Checkouts Full call number Barcode Date last seen Copy number Price effective from Koha item type
    Dewey Decimal Classification     London London Basement 14/09/1999   SHELF 205 30021158 06/08/2019 1 06/08/2019 Book